| 000 | 00565nam a2200169Ia 4500 | ||
|---|---|---|---|
| 008 | 230917s9999||||xx |||||||||||||| ||und|| | ||
| 020 | _cRS7000 | ||
| 040 |
_e255959 _aMAIN |
||
| 041 | _aEnglish | ||
| 082 | _a001.422 M567E | ||
| 100 | _aMetsamuuronen, Jari | ||
| 245 | 0 | _aEssentials of research methods in human sciences. 3V: V1-Elementary basics. V2-Multivariate analysis. V3-Advanced analysis | |
| 260 |
_aLos Angeles _bSage _c2017 |
||
| 300 | _av. p. | ||
| 500 | _a3479 13/06/2019 HBD19/7853 24/06/2019 Ch. Ranbir Singh Institute of Social and | ||
| 942 | _cBK | ||
| 999 |
_c31400 _d31400 |
||